Super-héros et super-vilains sur des cartes de Marvel Snap en images - Statistiques

Statistiques générales
  • Ce quiz a été pris 68 fois
  • Le résultat moyen est 12 sur 16
Statistiques - réponses
Par images Réponse % Correct
Hulk
100%
Spider-Man
100%
Ant-Man
97%
Iron Man
97%
Thor
93%
Captain Marvel
84%
Gamora
80%
La chose
80%
Odin
79%
Rocket Raccoon
74%
Nebula
72%
Tornade
69%
Yondu
52%
Squirrel Girl
44%
Cosmo
38%
Enchanteresse
21%
Aucun quiz correspondant
Distribution des résultats
% des personnes avec chaque résultat
Percentile par nombre de réponses
Votre historique - résultats
Vous n’avez pas pris ce quiz